Detalles MARC
| 000 -CABECERA |
| Longitud fija campo de control |
01439nam a2200385 c 4500 |
| 001 - NÚMERO DE CONTROL |
| Número de control |
51499 |
| 003 - IDENTIFICADOR DE NÚMERO DE CONTROL |
| Identificador del número de control |
ES-MaCES |
| 005 - FECHA Y HORA DE LA ÚLTIMA TRANSACCIÓN |
| Fecha y hora de la última transacción |
20200819135220.0 |
| 008 - CAMPO FIJO DE DESCRIPCIÓN FIJA--INFORMACIÓN GENERAL |
| Códigos de información de longitud fija |
200817s2019 sp 000 | spa d |
| 020 ## - ISBN (INTERNATIONAL STANDARD BOOK NUMBER) |
| Número Internacional Normalizado para Libros (ISBN) |
9788491194477 (Tirant lo Blanch) |
| 020 ## - ISBN (INTERNATIONAL STANDARD BOOK NUMBER) |
| Número Internacional Normalizado para Libros (ISBN) |
9788892120297 (G. Giappichelli) |
| 040 ## - FUENTE DE CATALOGACIÓN |
| Centro catalogador de origen |
ES-MaCES |
| Lengua de catalogación |
spa |
| Centro transcriptor |
ES-MaCES |
| 041 0# - CÓDIGO DE IDIOMA |
| Código de lengua del texto;banda sonora o título independiente |
spa |
| -- |
ita |
| 245 00 - MENCIÓN DE TÍTULO |
| Título |
Lecturas de derecho laboral español e italiano |
| Resto del título |
= Letture di diritto del lavoro spagnolo e italiano |
| Mención de responsabilidad, etc. |
Fernando Valdés Dal-Ré, Adalberto Perulli (dirs.) ; Juan Carlos García Quiñones, Vania Brino (curadores) |
| 260 ## - PUBLICACIÓN, DISTRIBUCIÓN, ETC (PIE DE IMPRENTA) |
| Lugar de publicación, distribución, etc. |
Valencia |
| Nombre del editor, distribuidor, etc. |
Tirant lo Blanch |
| 260 ## - PUBLICACIÓN, DISTRIBUCIÓN, ETC (PIE DE IMPRENTA) |
| Lugar de publicación, distribución, etc. |
Torino |
| Nombre del editor, distribuidor, etc. |
G. Giappichelli |
| Fecha de publicación, distribución, etc. |
2019 |
| 300 ## - DESCRIPCIÓN FÍSICA |
| Extensión |
XIII, 1051 p. |
| Dimensiones |
24 cm |
| 500 ## - NOTA GENERAL |
| Nota general |
Textos en español e italiano |
| 541 ## - NOTA DE LA FUENTE INMEDIANTE DE ADQUISICIÓN |
| Forma de adquisición |
Compra |
| 650 #4 - ASIENTO SECUNDARIO DE MATERIA--TÉRMINO DE MATERIA |
| Término de materia o nombre geográfico como elemento inicial |
relaciones laborales |
| 9 (RLIN) |
28369 |
| 650 #4 - ASIENTO SECUNDARIO DE MATERIA--TÉRMINO DE MATERIA |
| Término de materia o nombre geográfico como elemento inicial |
negociación colectiva |
| 9 (RLIN) |
28362 |
| 650 #4 - ASIENTO SECUNDARIO DE MATERIA--TÉRMINO DE MATERIA |
| Término de materia o nombre geográfico como elemento inicial |
legislación del trabajo |
| 9 (RLIN) |
27166 |
| 650 #4 - ASIENTO SECUNDARIO DE MATERIA--TÉRMINO DE MATERIA |
| Término de materia o nombre geográfico como elemento inicial |
legislación de seguridad social |
| 9 (RLIN) |
29855 |
| 650 #4 - ASIENTO SECUNDARIO DE MATERIA--TÉRMINO DE MATERIA |
| Término de materia o nombre geográfico como elemento inicial |
derecho del trabajo |
| 9 (RLIN) |
27165 |
| 650 #4 - ASIENTO SECUNDARIO DE MATERIA--TÉRMINO DE MATERIA |
| Término de materia o nombre geográfico como elemento inicial |
derecho comparado |
| 9 (RLIN) |
29868 |
| 650 #4 - ASIENTO SECUNDARIO DE MATERIA--TÉRMINO DE MATERIA |
| Término de materia o nombre geográfico como elemento inicial |
España |
| 9 (RLIN) |
26964 |
| 650 #4 - ASIENTO SECUNDARIO DE MATERIA--TÉRMINO DE MATERIA |
| Término de materia o nombre geográfico como elemento inicial |
Italia |
| 9 (RLIN) |
26952 |
| 653 10 - TÉRMINO DE INDEXACIÓN--NO CONTROLADO |
| Término no controlado |
Derecho del trabajo y Seguridad Social |
| 700 1# - ENCABEZAMIENTO SECUNDARIO--NOMBRE PERSONAL |
| 9 (RLIN) |
25408 |
| Nombre de persona |
Valdés Dal-Ré, Fernando |
| Término indicativo de función |
dir. |
| 700 1# - ENCABEZAMIENTO SECUNDARIO--NOMBRE PERSONAL |
| 9 (RLIN) |
20916 |
| Nombre de persona |
Perulli, Adalberto |
| Término indicativo de función |
dir. |
| 700 1# - ENCABEZAMIENTO SECUNDARIO--NOMBRE PERSONAL |
| 9 (RLIN) |
39706 |
| Nombre de persona |
García Quiñones, Juan Carlos |
| Término indicativo de función |
ed. lit. |
| 700 1# - ENCABEZAMIENTO SECUNDARIO--NOMBRE PERSONAL |
| 9 (RLIN) |
8322 |
| Nombre de persona |
Brino, Vania |
| Término indicativo de función |
ed. lit. |
| 902 ## - CES. TIPO DE DOCUMENTO |
| Tipodoc (006$c Sirtex) |
LIB Libro |
| 942 ## - ELEMENTOS KOHA |
| Fuente de clasificaión o esquema |
Clasificación propia del CES |
| Koha [por defecto] tipo de item |
Monografías |
| Parte de clasificación |
Derecho del Trabajo y Seguridad Social |